Проектирование устройств автоматики и телемеханики (Запись № 11219504)

Подробности
000 -МАРКЕР
контрольное поле 01924nam1a2200301 i 4500
001 - ИДЕНТИФИКАТОР ЗАПИСИ
контрольное поле RU\NLR\BIBL_A\011963920
005 - ИДЕНТИФИКАТОР ВЕРСИИ
контрольное поле 20240921230856.0
035 ## - ДРУГИЕ СИСТЕМНЫЕ НОМЕРА
Идентификатор записи (NLR Aleph) 011963920
100 ## - ДАННЫЕ ОБЩЕЙ ОБРАБОТКИ
Данные общей обработки 20190319g19809999m y0rusy50 ca
101 0# - ЯЗЫК РЕСУРСА
Язык текста, звукозаписи и т.д. русский
102 ## - СТРАНА ПУБЛИКАЦИИ ИЛИ ПРОИЗВОДСТВА
Страна публикации Российская Федерация
105 ## - ПОЛЕ КОДИРОВАННЫХ ДАННЫХ: ТЕКСТОВЫЕ МАТЕРИАЛЫ, МОНОГРАФИЧЕСКИЕ
Кодированные данные о монографическом текстовом документе ||||j |||||
200 1# - ЗАГЛАВИЕ И СВЕДЕНИЯ ОБ ОТВЕТСТВЕННОСТИ
Основное заглавие Проектирование устройств автоматики и телемеханики
Сведения, относящиеся к заглавию учебное пособие
Первые сведения об ответственности Яковлев Б.С., Казаринов Л.С., Казьмин О.Н. [и др.]
Последующие сведения об ответственности Министерство высшего и среднего специального образования СССР, Челябинский политехнический институт имени Ленинского комсомола, Кафедра автоматики и телемеханики, Кафедра прикладной математики
210 ## - ПУБЛИКАЦИЯ, РАСПРОСТРАНЕНИЕ И ДР.
Место издания, распространения и т.д. Челябинск
Имя издателя, распространителя и т. д. Челябинский политехнический институт
Дата издания, распространения и т.д. 1980
215 ## - ФИЗИЧЕСКАЯ ХАРАКТЕРИСТИКА
Размеры 20
309 ## - ПРИМЕЧАНИЯ ОБ ОСНОВНОМ ИСТОЧНИКЕ ИНФОРМАЦИИ И ОБ ОСОБЕННОСТЯХ ПОЛИГРАФИЧЕСКОГО ОФОРМЛЕНИЯ ИЗДАНИЯ
Текст примечания Ч. 1 вышла ненумер.
606 1# - НАИМЕНОВАНИЕ ТЕМЫ КАК ПРЕДМЕТ
Наименование темы Автоматические устройства
Формальный подзаголовок Учебные издания для высших учебных заведений
Тематический подзаголовок Проектирование
Системный номер авторитетной/нормативной записи 2064362
Идентификатор авторитетной/нормативной записи RU\NLR\AUTH\661238839
606 1# - НАИМЕНОВАНИЕ ТЕМЫ КАК ПРЕДМЕТ
Наименование темы Телемеханические устройства
Формальный подзаголовок Учебные издания для высших учебных заведений
Тематический подзаголовок Проектирование
Системный номер авторитетной/нормативной записи 1742259
Идентификатор авторитетной/нормативной записи RU\NLR\AUTH\661075613
686 3# - ИНДЕКСЫ ДРУГИХ КЛАССИФИКАЦИЙ
Индекс З965-02я73-1
686 3# - ИНДЕКСЫ ДРУГИХ КЛАССИФИКАЦИЙ
Индекс З968-02я73-1
701 #1 - ИМЯ ЛИЦА - АЛЬТЕРНАТИВНАЯ ОТВЕТСТВЕННОСТЬ
Начальный элемент ввода Яковлев
Часть имени, кроме начального элемента ввода Б. С.
Даты 1933-1979
Расширение инициалов личного имени Борис Сергеевич
701 #1 - ИМЯ ЛИЦА - АЛЬТЕРНАТИВНАЯ ОТВЕТСТВЕННОСТЬ
Начальный элемент ввода Казаринов
Часть имени, кроме начального элемента ввода Л. С.
Расширение инициалов личного имени Лев Сергеевич
701 #1 - ИМЯ ЛИЦА - АЛЬТЕРНАТИВНАЯ ОТВЕТСТВЕННОСТЬ
Начальный элемент ввода Казьмин
Часть имени, кроме начального элемента ввода О.Н.
Расширение инициалов личного имени Олег Николаевич
852 ## - МЕСТОНАХОЖДЕНИЕ И ШИФР ХРАНЕНИЯ
Идентификатор организации NLR
Шифр хранения (Call Number) 78-4/23311
942 ## - ДОПОЛНИТЕЛЬНЫЕ ЭЛЕМЕНТЫ ЗАПИСИ (АБИС)
Тип экземпляра АБИС Книга

Нет доступных экземпляров.